Hommage à Pierre Lantz (1931-2019) (notice n° 1642163)

détails MARC
000 -LEADER
fixed length control field 01664cam a2200169 4500500
005 - DATE AND TIME OF LATEST TRANSACTION
control field 20260201124716.0
041 ## - LANGUAGE CODE
Language code of text/sound track or separate title fre
042 ## - AUTHENTICATION CODE
Authentication code dc
100 10 - MAIN ENTRY--PERSONAL NAME
Personal name Bras, Pierre
Relator term author
245 00 - TITLE STATEMENT
Title Hommage à Pierre Lantz (1931-2019)
260 ## - PUBLICATION, DISTRIBUTION, ETC.
Date of publication, distribution, etc. 2020.<br/>
500 ## - GENERAL NOTE
General note 49
520 ## - SUMMARY, ETC.
Summary, etc. L’article vise à examiner la prolifération des réseaux coopératifs dans la Grèce rurale de l’entre-deux-guerres via l’analyse du cas thessalien. Son objectif principal est de souligner les enjeux des acteurs, le poids des traditions et des blocages sociaux. On examine donc les variables du changement rural dans la Grèce au lendemain de la première guerre mondiale, en utilisant la microanalyse de ces réseaux thessaliens locaux. Cette étude démontre le rôle primordial et impératif de l’État en ce qui concerne la régularisation de l’économie agraire et l’influence de cette intervention à l’échelle régionale, reposant sur une exploitation d’archives locales.
520 ## - SUMMARY, ETC.
Summary, etc. This essay focuses on the State’s role regarding the regularization of Greek interwar rural economy, at regional level. To this purpose it was examined the case of a local cooperative network in Thessaly, supervised and controlled by the Agricultural Bank of Greece. It was demonstrated, by archival documentation, that the Greek rural cooperatives’ institutional form was an instrument for the political authority so as to control social and individual experience.
786 0# - DATA SOURCE ENTRY
Note L'Homme & la Société | 209 | 1 | 2020-05-05 | p. 13-18 | 0018-4306
856 41 - ELECTRONIC LOCATION AND ACCESS
Uniform Resource Identifier <a href="https://shs.cairn.info/revue-l-homme-et-la-societe-2019-1-page-13?lang=fr&redirect-ssocas=7080">https://shs.cairn.info/revue-l-homme-et-la-societe-2019-1-page-13?lang=fr&redirect-ssocas=7080</a>

Pas d'exemplaire disponible.

PLUDOC

PLUDOC est la plateforme unique et centralisée de gestion des bibliothèques physiques et numériques de Guinée administré par le CEDUST. Elle est la plus grande base de données de ressources documentaires pour les Étudiants, Enseignants chercheurs et Chercheurs de Guinée.

Adresse

627 919 101/664 919 101

25 boulevard du commerce
Kaloum, Conakry, Guinée

Réseaux sociaux

Powered by Netsen Group @ 2025